Saltar al contenido

Теория и практика парламентского контроля в субъектах Российской Федерации монография

Настоящая монография освещает вопросы парламентского контроля в субъектах Российской Федерации, виды контрольной деятельности региональных парламентов. К наиболее характерным формам парламентского контроля авторы относят отчеты исполнительных органов государственной власти субъектов Российской Федер...

Descripción completa

Guardado en:
Detalles Bibliográficos
Autor principal: Лолаева А. С.
Otros Autores: Галуева В. О., Гогаева А. Л.
Formato: Книга
Lenguaje:Russian
Publicado: Владикавказ Горский ГАУ 2018
Acceso en línea:https://e.lanbook.com/book/134589
https://e.lanbook.com/img/cover/book/134589.jpg
Etiquetas: Agregar Etiqueta
Sin Etiquetas, Sea el primero en etiquetar este registro!
LEADER 02734nam0a2200301 i 4500
001 134589
003 RuSpLAN
005 20221220174043.0
008 221220s2018 ru gs 000 0 rus
020 |a 978-5-906647-50-4 
040 |a RuSpLAN 
041 0 |a rus 
044 |a ru 
080 |a 342.518 
084 |a 67.401  |2 rubbk 
245 0 0 |a Теория и практика парламентского контроля в субъектах Российской Федерации  |b монография  |c Лолаева А. С.,Галуева В. О.,Гогаева А. Л. 
260 |a Владикавказ  |b Горский ГАУ  |c 2018 
300 |a 184 с. 
500 |a Рекомендовано на заседании кафедры конституционного права и методическим советом юридического факультета (протокол №9 от 29.04.2018 г.) 
504 |a Библиогр.: доступна в карточке книги, на сайте ЭБС Лань 
520 8 |a Настоящая монография освещает вопросы парламентского контроля в субъектах Российской Федерации, виды контрольной деятельности региональных парламентов. К наиболее характерным формам парламентского контроля авторы относят отчеты исполнительных органов государственной власти субъектов Российской Федерации, недоверие, институт депутатских (парламентских) расследований. Среди иных форм парламентского контроля авторы предлагают выделять парламентские слушания, «правительственный час», депутатский (парламентский) запрос. Монография предназначена для преподавателей, студентов, аспирантов и соискателей юридических вузов, всем, кто интересуется вопросами российского парламентаризма. 
521 8 |a Книга из коллекции Горский ГАУ - Социально-гуманитарные науки 
100 1 |a Лолаева А. С. 
700 1 |a Галуева В. О. 
700 1 |a Гогаева А. Л. 
856 4 |u https://e.lanbook.com/book/134589 
856 4 8 |u https://e.lanbook.com/img/cover/book/134589.jpg 
953 |a https://e.lanbook.com/img/cover/book/134589.jpg